000 00691nam a2200181Ia 4500
008 100920s9999 xx 000 0 und d
082 _b3200
_a28 व 891,464 थ 48
100 _a---
245 _aटायरोलची स्वातंत्र्य-कथा 3.
260 _bचित्रशाळा प्रकाशन,पुणे2.
_c1948
300 _a55
_bसाधी
365 _b1
520 _aबा.वि.निबंध.
630 _aटायरोलची स्वातंत्र्य-कथा 3.
650 _aबा.वि.निबंध.
730 _aटायरोलची स्वातंत्र्य-कथा 3.
942 _cBOOK
999 _c673301
_d673298